| 000 | 01280nam a2200313 c 4500 | ||
|---|---|---|---|
| 003 | BLK | ||
| 005 | 20250430120023.0 | ||
| 008 | 180409b bul|||||r ||||||| ||bul|| | ||
| 010 | _aKNG00131121000 | ||
| 040 | _aBLK | ||
| 041 |
_aBUL _cBUL |
||
| 080 |
_aРуска литература _b821.161.1 _x-31 _z821.161.1-31 |
||
| 100 | 1 |
_aБек, Александър Алфредович _eпърви автор _9319424 |
|
| 700 | 1 |
_aФлорин, Сидер Петров _d1912-1999 _gПреводач от руски и английски език _9134445 |
|
| 139 |
_aБек, Александър Алфредович _bБ 32 |
||
| 245 | 1 | 0 |
_aВолколамското шосе _bРоман _cАлександър Алфредович Бек; прев. от рус. Сидер Флорин. |
| 257 | _aSUN | ||
| 260 |
_аСофия _bДърж. воен. изд. _c1962 |
||
| 300 |
_a656 с. _c21 см |
||
| 380 | _aX | ||
| 490 | 1 | _aВоенни романи | |
| 500 | _aАвт. не е отбелязан на кор. - 16 300 тир. | ||
| 852 | _aЦб 22187 | ||
| 856 | 4 |
_qpdf _u |
|
| 856 | 4 |
_qpdf _u |
|
| 942 |
_cKNG _n0 |
||
| 944 |
_aCR _c05.06.2012 _lГеновева Генчева _k30560 |
||
| 944 |
_aED _c05.06.2012 _l05.06.2012 - от С1,Р / 05.06.2012 _k |
||
| 999 |
_c125451 _d125451 |
||